The role of marketing in a free market economy (Record no. 56683)

MARC details
000 -LEADER
fixed length control field 00504nam a2200133 a 4500
008 - FIXED-LENGTH DATA ELEMENTS--GENERAL INFORMATION
fixed length control field 120416s9999 ||||||||||||||||| || u
050 ## - LIBRARY OF CONGRESS CALL NUMBER
Classification number CBU-UG THESIS/MAK
100 ## - MAIN ENTRY--PERSONAL NAME
Personal name Makungu, Nsama Robert
245 14 - TITLE STATEMENT
Title The role of marketing in a free market economy
246 ## - VARYING FORM OF TITLE
Title proper/short title a case of Zambia Postal Services Corporation (ZAMPOST)
260 ## - PUBLICATION, DISTRIBUTION, ETC.
Place of publication, distribution, etc. 2002
350 ## - PRICE (NR) (BK AM CF MU VM SE) [OBSOLETE]
Price 0.00
995 ## - RECOMMENDATION 995 [LOCAL, UNIMARC FRANCE]
-- 0.00
-- CBU-MAIN LIBRARY (Kitwe)
-- 1
-- 0.00
-- AVAILABLE
-- University Collection
Holdings
Withdrawn status Lost status Source of classification or shelving scheme Damaged status Not for loan Home library Current library Shelving location Date acquired Total Checkouts Full call number Barcode Date last seen Price effective from Koha item type
          CBU-MAIN LIBRARY, KITWE. CBU-MAIN LIBRARY, KITWE.   11/30/2022   CBU-UG THESIS/MAK 9017578 11/30/2022 11/30/2022 MONOGRAPH